Logo

Description automatically generated
विद्यार्जन
 संसाधन केंद्र, भारतीय प्रौद्योगिकी संस्थान इन्दौर
Learning Resource Center, Indian Institute of Technology Indore

ऑनलाइन सार्वजनिक अभिगम प्रसूची
Online Public Access Catalogue (OPAC)

The post-colonial studies reader [2nd ed.] (Record no. 57420)

MARC details
000 -LEADER
fixed length control field 01077nam a2200289Ia 4500
005 - DATE AND TIME OF LATEST TRANSACTION
control field 20260704175959.0
008 - FIXED-LENGTH DATA ELEMENTS--GENERAL INFORMATION
fixed length control field 260704s9999||||xx |||||||||||||| ||und||
020 ## - INTERNATIONAL STANDARD BOOK NUMBER
International Standard Book Number 0415345650
Qualifying information pbk
020 ## - INTERNATIONAL STANDARD BOOK NUMBER
International Standard Book Number 9780415345651
Qualifying information pbk
082 ## - DEWEY DECIMAL CLASSIFICATION NUMBER
Classification number 820.9358
Item number ASH.2E
100 ## - MAIN ENTRY--PERSONAL NAME
Personal name Ashcroft, Bill [ed.]
245 #4 - TITLE STATEMENT
Title The post-colonial studies reader [2nd ed.]
250 ## - EDITION STATEMENT
Edition statement 1st ed. 1995 ; 2nd ed. 2006 ; 1st Indian rep. 2008
260 ## - PUBLICATION, DISTRIBUTION, ETC.
Place of publication, distribution, etc. London
Name of publisher, distributor, etc. Routledge an imprint of Taylor and Francis Group
Date of publication, distribution, etc. 2006
300 ## - PHYSICAL DESCRIPTION
Extent xxviii, 587p. ; 25cm.
653 ## - INDEX TERM--UNCONTROLLED
Uncontrolled term Colonies in literature
653 ## - INDEX TERM--UNCONTROLLED
Uncontrolled term Commonwealth literature (English)--History and criticism
653 ## - INDEX TERM--UNCONTROLLED
Uncontrolled term Decolonization in literature
653 ## - INDEX TERM--UNCONTROLLED
Uncontrolled term English literature--Developing countries--History and criticism
653 ## - INDEX TERM--UNCONTROLLED
Uncontrolled term English literature--Developing countries--History and criticism
653 ## - INDEX TERM--UNCONTROLLED
Uncontrolled term Imperialism in literature
653 ## - INDEX TERM--UNCONTROLLED
Uncontrolled term Postcolonialism in literature
653 ## - INDEX TERM--UNCONTROLLED
Uncontrolled term Postcolonialism--Commonwealth countries
700 ## - ADDED ENTRY--PERSONAL NAME
Personal name Griffiths, Gareth [ed.]
700 ## - ADDED ENTRY--PERSONAL NAME
Personal name Tiffin, Helen [ed.]
942 ## - ADDED ENTRY ELEMENTS (KOHA)
Koha item type Book
Holdings
Withdrawn status Lost status Damaged status Not for loan Home library Current library Shelving location Date acquired Source of acquisition Total Checkouts Full call number Barcode Date last seen Price effective from Koha item type
        LRC, IIT Indore LRC, IIT Indore 2nd Floor - General Stack 04/07/2026 Gratis Book Price: INR 595.00   820.9358 ASH.2E G2645 04/07/2026 04/07/2026 Book
Copyright © 2017-2026 Indian Institute of Technology Indore. All Rights Reserved.
Managed & maintained by Learning Resource Center, IIT Indore